U.S. States with a F-5 Tornado - Statistics

General Stats
  • This quiz has been taken 165 times
  • The average score is 17 of 21
Answer Stats
Hint Answer % Correct
8 Oklahoma
98%
6 Texas
98%
8 Kansas
96%
8 Alabama
92%
5 Mississippi
88%
1 Nebraska
88%
2 Illinois
85%
6 Iowa
84%
2 Missouri
82%
4 Ohio
81%
1 Georgia
79%
2 Kentucky
79%
3 Indiana
78%
3 Tennessee
78%
1 South Dakota
77%
1 Louisiana
71%
2 Michigan
69%
2 North Dakota
69%
3 Minnesota
68%
3 Wisconsin
58%
1 Pennsylvania
53%
No matching quizzes found
Score Distribution
Percent of People with Each Score
Percentile by Number Answered
Your Score History
You have not taken this quiz